Periódicos románticos asturianos (Record no. 175667)
[ view plain ]
| 000 -LEADER | |
|---|---|
| campo de control de longitud fija | 01185nam a2200301 i 4500 |
| 001 - NÚMERO DE CONTROL | |
| campo de control | 175667 |
| 003 - IDENTIFICADOR DE NÚMERO DE CONTROL | |
| campo de control | ES-MaACL |
| 005 - FECHA Y HORA DE LA ÚLTIMA TRANSACCIÓN | |
| campo de control | 20250825134558.0 |
| 007 - CAMPO FIJO DE DESCRIPCIÓN FÍSICA--INFORMACIÓN GENERAL | |
| campo de control de longitud fija | t| |
| 008 - DATOS DE LONGITUD FIJA--INFORMACIÓN GENERAL | |
| campo de control de longitud fija | 101116s1971 sp ||||1| spa d |
| 080 ## - NÚMERO DE LA CLASIFICACIÓN DECIMAL UNIVERSAL | |
| Número de la Clasificación Decimal Universal | 050 Nalón, El |
| 080 ## - NÚMERO DE LA CLASIFICACIÓN DECIMAL UNIVERSAL | |
| Número de la Clasificación Decimal Universal | 050 Sin nombre, El |
| 245 00 - MENCIÓN DEL TÍTULO | |
| Título | Periódicos románticos asturianos |
| Resto del título | : El Nalón, periódico de literatura, ciencias y artes (1842) y El sin nombre, periódico literario, bastardo, satírico, semi-serio, burlesco y sentimental (1845). |
| 250 ## - MENCION DE EDICION | |
| Mención de edición | Ed. facs. |
| Resto de la mención de edición | dirigida y prologada por J. E. Casariego. |
| 260 ## - PUBLICACIÓN, DISTRIBUCIÓN, ETC. | |
| Lugar de publicación, distribución, etc. | Luarca : |
| Nombre del editor, distribuidor, etc. | Bibliófilos Asturianos, |
| Fecha de publicación, distribución, etc. | 1971. |
| 300 ## - DESCRIPCIÓN FÍSICA | |
| Extensión | XXVIII, 335, [2] p. de lám. bl. y n. ; |
| Dimensiones | 26 cm. |
| 490 1# - MENCIÓN DE SERIE | |
| Mención de serie | Bibliófilos asturianos ; |
| Designación de volumen o secuencia | 1 |
| 630 04 - PUNTO DE ACCESO ADICIONAL DE MATERIA--TÍTULO UNIFORME | |
| Título uniforme | El Nalón- |
| Subdivisión de forma | Facsímiles. |
| 9 (RLIN) | 143953 |
| 630 04 - PUNTO DE ACCESO ADICIONAL DE MATERIA--TÍTULO UNIFORME | |
| Título uniforme | El sin nombre- |
| Subdivisión de forma | Facsímiles. |
| 9 (RLIN) | 143954 |
| 650 04 - PUNTO DE ACCESO ADICIONAL DE MATERIA--TÉRMINO DE MATERIA | |
| Término de materia o nombre geográfico como elemento de entrada | Prensa- |
| Subdivisión geográfica | España- |
| Subdivisión cronológica | S.XIX. |
| 9 (RLIN) | 16359 |
| 655 #7 - TERMINO DE INDIZACIÓN--GENERO/FORMA | |
| Fuente del término | tgfbne |
| 9 (RLIN) | 226495 |
| Datos o término principal de género/forma | Facsímiles |
| 700 1# - ENTRADA AGREGADA--NOMBRE PERSONAL | |
| Nombre de persona | Casariego, J. E., |
| Fechas asociadas al nombre | 1913-1990 |
| 9 (RLIN) | 36176 |
| 710 2# - ENTRADA AGREGADA--NOMBRE DE ENTIDAD CORPORATIVA | |
| Nombre de entidad corporativa o nombre de jurisdicción como elemento de entrada | Asociación de Bibliófilos Asturianos. |
| 9 (RLIN) | 143952 |
| 830 0# - PUNTO DE ACCESO ADICIONAL DE SERIE-TÍTULO UNIFORME | |
| Título uniforme | Bibliófilos asturianos ; |
| Designación de volumen o secuencia | 1 |
| 9 (RLIN) | 223910 |
| 852 ## - LOCALIZACIÓN | |
| Ubicación | ES-MaACL |
| Número de control de estantería | E-13538 |
| Encuadernación | Olim P-1508 |
| 942 ## - ELEMENTOS DE ENTRADA SECUNDARIOS (KOHA) | |
| Fuente del sistema de clasificación o colocación | Clasificación decimal universal |
| Estatus retirado | Estado de pérdida | Estado de daño | No para préstamo | Biblioteca de origen | Biblioteca actual | Ubicación en estantería | Fecha de adquisición | Fuente de adquisición | Total de préstamos | Signatura topográfica completa | Código de barras | Visto por última vez | Precio de reemplazo | Tipo de ítem Koha |
|---|---|---|---|---|---|---|---|---|---|---|---|---|---|---|
| Biblioteca del Ateneo de Madrid | Biblioteca del Ateneo de Madrid | Depósito 2 | 16/11/2010 | E-13538 | 1184468 | 23/02/2023 | 23/02/2023 | Libro impreso |
